000 00760nam a2200229Ia 4500
003 GCL
008 140319s9999 xx 000 0 ara d
040 _aGCL /
_cGCL
082 0 4 _a621.38173
_bف ت
100 1 _aفاروق محمد العامرى
245 1 0 _aتصميم الساعات الرقمية =DESIGN OF DIGITAL CLOCKS /
_cفاروق محمد العامرى
250 _aالاولى
260 _aالقاهرة :
_bالدار المصرية اللبنانية ،
_c1993
300 _a223 ص ؛
_c24 سم
490 _a
650 0 4 _aتصميم
650 0 4 _aالساعات الالكترونية
650 0 4 _aالساعات
650 0 4 _aالدوائر الالكترونية
650 0 4 _aالالكترونات
942 _2ddc
_cBK
999 _c33119
_d33119